| 000 | 00784nam a22002297a 4500 | ||
|---|---|---|---|
| 999 |
_c15458 _d15458 |
||
| 003 | AR-CdUCM | ||
| 008 | 190325b ||||| |||| 00| 0 spa d | ||
| 040 |
_aMUNICIPALIDAD PROVINCIAL DEL CUSCO _cBIBLIOTECA MUNICIPAL DEL CUSCO |
||
| 041 | _heng | ||
| 082 |
_aPI / 376.1 / _bN54 _22ed. |
||
| 100 |
_aNicora, Eloisa _934536 |
||
| 245 |
_aLas actividades manuales : _bEn el niño normal y el irregular / |
||
| 260 |
_aBuenos Aires : _bNicora, _c1968. |
||
| 300 |
_a228 paginas ; _bIlustraciones, graficos, dibujos _c28 cm. |
||
| 500 | _aActividades manuales | ||
| 650 |
_aPsicología social _94539 |
||
| 650 |
_aGrupos sociales _97578 |
||
| 650 |
_aCultura y psicología social _923463 |
||
| 650 |
_aActividades manuales _934537 |
||
| 942 |
_2ddc _cLIBROS |
||
| 945 |
_apjha _d2019-04-27 |
||